Nghiên cứu chế tạo màng quang xúc tác TiO2:Zn bằng phương pháp phún xạ Magnetron DC : Luận văn Thạc sĩ. Chuyên ngành: Vật lý kỹ thuật

Đề tài nghiên cứu đặc điểm cấu trúc tinh thể của vật liệu Titan Dioxide - TiO2, tính chất quang xúc tác của màng TiO2, tính năng quang xúc tác của màng TiO2 pha tạp ZnO, các ứng dụng của vật liệu quang xúc tác TiO2 và TiO2 pha tạp. Phương pháp chế...

पूर्ण विवरण

में बचाया:
ग्रंथसूची विवरण
मुख्य लेखक: Nguyễn, Tấn Minh
स्वरूप: पुस्तक
भाषा:Undetermined
प्रकाशित: Cần Thơ Trường Đại học Cần Thơ 2012
विषय:
टैग : टैग जोड़ें
कोई टैग नहीं, इस रिकॉर्ड को टैग करने वाले पहले व्यक्ति बनें!
Thư viện lưu trữ: Trung tâm Học liệu Trường Đại học Cần Thơ
LEADER 01401nam a2200217Ia 4500
001 CTU_174738
008 210402s9999 xx 000 0 und d
082 |a 621.38152 
082 |b M312 
088 |a 60440103 
100 |a Nguyễn, Tấn Minh 
245 0 |a Nghiên cứu chế tạo màng quang xúc tác TiO2:Zn bằng phương pháp phún xạ Magnetron DC : 
245 0 |b Luận văn Thạc sĩ. Chuyên ngành: Vật lý kỹ thuật 
245 0 |c Nguyễn Tấn Minh ; Lê Vũ Tuấn Hùng (Người hướng dẫn) 
260 |a Cần Thơ 
260 |b Trường Đại học Cần Thơ 
260 |c 2012 
520 |a Đề tài nghiên cứu đặc điểm cấu trúc tinh thể của vật liệu Titan Dioxide - TiO2, tính chất quang xúc tác của màng TiO2, tính năng quang xúc tác của màng TiO2 pha tạp ZnO, các ứng dụng của vật liệu quang xúc tác TiO2 và TiO2 pha tạp. Phương pháp chế tạo màng quang xúc, các phương pháp phân tích mẫu, các phương pháp khảo sát tính năng quang xúc tác của mẫu... 
650 |a Electric discharge lighting,Titan điôxít,Ánh sáng hồ quang,Titanium dioxide 
904 |i Hằng Ni, Năm 
980 |a Trung tâm Học liệu Trường Đại học Cần Thơ